000 00372nam a2200157Ia 4500
008 160316s1983 xxu||||| |||| 00| 0 eng d
082 _a343.096000
_bHER
100 _aHerman Amos
245 _aShipping conferences
250 _a
260 _aThe Netherlands
_bKluwer - Deventer
_c1983
300 _a255p.
_b20 cm
_cviii
365 _bGL110
650 _a
700 _a
_a
999 _c4193
_d4193